000
00468nam a2200181Ia 4500
008
090124s9999 xx 000 0 und d
082
_b
124745
100
_a
वैद्य सुरेश.
245
_a
फीलिंग
250
_a
1
260
_c
1991
300
_a
163
600
_a
वैद्य सुरेश.
630
_a
फीलिंग
700
_a
वैद्य सुरेश.
730
_a
फीलिंग
942
_c
BOOK
999
_c
170832
_d
170832